01283aab a2200181 i 4500001001000000003001000010005001700020008004100037040001900078041000800097100003600105245009900141300008400240520060400324653001900928700003800947773011600985768714001CO-MdFUSB20240326102626.0240318t1992 ag ||||| |||| 00| 0 spa d bspacCO-MdFUSB aspa1 aCamargo López, Jesúseautor10aRoles sexuales y doble jornada femeninac/ Jesús Camargo López , Carmen Pérez de Camargo aVolumen 11, número 4 (octubre - diciembre, 1992), páginas, 26 - 28c; 27 cm aLos cambios sociales ocurridos durante las últimas décadas han modificado los roles sexuales afectando las relaciones de la pareja y de la familia moderna. Uno de estos cambios ha sido la esfera de trabajo de la mujer. Según un dicho antiguo: "el mundo es del hombre, el lugar de la mujer está en el hogar". Sin embargo, la irrupción de la industria, la modernidad y el feminismo en las sociedades latinoamericanas ha incorporado a la mujer a la fuerza de trabajo asalariada. Para las familias pobres, el trabao de la mujer por fuera de la casa no es opcional sino una necesidad imperiosa. aRoles sexuales1 aPérez de Camargo, Carmeneautor0 tIglesia y Misión049402gVolumen 11, número 4 (octubre - diciembre, 1992), página: 26 - 28qpáginas: 26